| 000 | 006920000a22002050004500 | ||
|---|---|---|---|
| 090 |
_aAR _b02736 |
||
| 245 | 1 | 0 | _aQuito herbarium (<QCA>): 100,000 important collections from Ecuador |
| 650 | 1 | 4 |
_aBotánica _9361 |
| 650 | 1 | 4 |
_aTaxonomía vegetal _992262 |
| 650 | 1 | 4 |
_aColecciones de vegetación _994036 |
| 650 | 1 | 4 |
_aHerbarios _996166 |
| 651 | 4 |
_mQuito _pEcuador _992749 |
|
| 041 | 0 | _aInglés | |
| 700 | 1 |
_aUlloa Ulloa, Carmen _922353 |
|
| 700 | 1 |
_aBorgtoft Pedersen, Henrik _996190 |
|
| 700 | 1 |
_aLuteyn, James L. _913431 |
|
| 100 | 1 |
_aMoller Jorgensen, Peter _918038 |
|
| 942 | _cARTICULO | ||
| 773 | 1 |
_tTaxon: Journal of the International Association for plant Taxonomy _3283 _q51-56 _d1992 _g41 |
|
| 999 |
_c11797 _d11797 |
||